Srinivasa Ramanujan (Record no. 10052)

MARC details
000 -LEADER
fixed length control field 00546nam a2200181Ia 4500
003 - CONTROL NUMBER IDENTIFIER
control field IN-BaIIA
008 - FIXED-LENGTH DATA ELEMENTS--GENERAL INFORMATION
fixed length control field 211028s9999 xx 000 0 eng d
040 ## - CATALOGING SOURCE
Transcribing agency IIA Library
080 ## - UNIVERSAL DECIMAL CLASSIFICATION NUMBER
Universal Decimal Classification number [8]:01:00
Item number RAM
100 ## - MAIN ENTRY--PERSONAL NAME
Personal name Ram, Suresh
9 (RLIN) 17017
245 #0 - TITLE STATEMENT
Title Srinivasa Ramanujan
Statement of responsibility, etc. Suresh Ram
260 ## - PUBLICATION, DISTRIBUTION, ETC.
Place of publication, distribution, etc. New Delhi
Name of publisher, distributor, etc. Sahitya Academi
Date of publication, distribution, etc. 1989
300 ## - PHYSICAL DESCRIPTION
Extent 86p.
650 ## - SUBJECT ADDED ENTRY--TOPICAL TERM
Topical term or geographic name entry element biography
9 (RLIN) 1224
650 ## - SUBJECT ADDED ENTRY--TOPICAL TERM
Topical term or geographic name entry element Biography-Srinivasa Ramanujan
9 (RLIN) 17018
650 ## - SUBJECT ADDED ENTRY--TOPICAL TERM
Topical term or geographic name entry element Srinivasa Ramanujan Biography
9 (RLIN) 17019
942 ## - ADDED ENTRY ELEMENTS (KOHA)
Koha item type Books
Holdings
Withdrawn status Lost status Damaged status Not for loan Home library Current library Shelving location Date acquired Total Checkouts Full call number Barcode Date last seen Price effective from Koha item type
        IIA Library-Bangalore IIA Library-Bangalore General Stacks     92:51/ RAM 10962 05/11/2021   Books

Powered by Koha